Statistics for Trappist beer

Click here to take the quiz!

General Stats

  • This quiz has been taken 84 times
    (4 since last reset)
  • The average score is 7 of 10

Answer Stats

HintAnswer% Correct
BelgiumOrval
100%
BelgiumRochefort
100%
BelgiumWestmalle
100%
BelgiumChimay
75%
BelgiumWestvleteren
75%
NetherlandsZundert
75%
NetherlandsLa Trappe
50%
ItalyTre fontane
50%
United KingdomTynt Meadow
50%
AustriaEngelszell
25%

Score Distribution

Percentile by Number Answered

Percent of People with Each Score

Your Score History

You have not taken this quiz since the last reset